Shareholders' rights and protection under company law / (Record no. 7494)

MARC details
000 -LEADER
fixed length control field 01222cam a2200169 a 4500
020 ## - INTERNATIONAL STANDARD BOOK NUMBER
ISBN 8171003613
050 00 - CALL NUMBER
Classification number KNS957
Item number .N38
100 1# - AUTHOR
Personal name Nath, Surendra,
245 10 - TITLE
Title Shareholders' rights and protection under company law /
Statement of responsibility, etc Surendra Nath.
260 ## - PUBLICATION INFORMATION
Place of publication New Delhi :
Name of publisher Deep & Deep Publications,
Year of publication c1991.
300 ## - DESCRIPTION
Number of Pages xv, 484 p. ;
Dimensions 22 cm.
500 ## - NOTES
General note Includes index.
505 ## - FORMATTED CONTENTS NOTE
Table of Content 1. Introduction<br/>2. Definition, Classification and Nature(Legal and Commercial) Shareholders' Rights<br/>3. Contractual rights of shareholders by virtue of memorandum and articles of association<br/>4. Rights of shareholders as to share capital and property of the company<br/>5. Rights of shareholders as regards meeting notices, resolutions, voting, etc.<br/>6. Judicial and administrative protection of minority shareholders in case of oppression and mismanagement <br/>7. Exercise of class right variation and protection in case of reconstruction and amalgamation <br/>8. Exercise of the rights and power shareholders - legal and commercial practice and control over management<br/>9. Effective exercise of the rights by shareholders; some suggestions<br/>
650 #0 - SUBJECTS
Topical Term Stockholders
General subdivision Legal status, laws, etc.
650 #0 - SUBJECTS
Topical Term Corporation law
942 ## - ADDED ENTRY ELEMENTS (KOHA)
Koha item type Books
Holdings
Withdrawn status Lost status Collection code Home library Current library Shelving location Date acquired Full call number Accession Number Koha item type
    Reference Methodist University Library Main Methodist University Library Main General Stacks 05/01/2021 KNS957 .N38 33865 Books
    Reference Methodist University Library Main Methodist University Library Main General Stacks 05/01/2021 KNS957 .N38 32846 Books
Copyright © 2026  MUG Library